000 00548nam a2200193Ia 4500
003 GCL
008 140319s9999 xx 000 0 eng d
040 _aGCL /
_cGCL
082 0 4 _a658.001.9
_bS O
100 1 _aBLACK, J. STEWART
245 1 0 _aORGANIZATIONAL BEHAVIOUR /
_cBLACK, J. STEWART
700 1 _aSTEERS, R. CHARD M.
260 _a[S.N] :
_bHARPER COLLINS COLLEGE PUBLISBERS ،
_c1993
300 _a727 P
650 0 4 _aPSYCHOLOGY INDUSTRIAL
650 0 4 _aORGANIZATIONAL BEHAVIOR
650 0 4 _aINDUSTRIAL MANAGEMENT
942 _2ddc
_cBK
999 _c18419
_d18419